| 000 | 00538nam a22001457a 4500 | ||
|---|---|---|---|
| 020 | _a978-0-141-32765-5 | ||
| 082 |
_a823 _bKIN/D |
||
| 100 | _aKINNEY, JEFF | ||
| 245 |
_aDIARY OF A WIMPY KID _bDOG DAYS |
||
| 260 |
_aENGLAND _bPUFFIN BOOKS _c2009 |
||
| 300 | _a214 | ||
| 520 | _aGreg Heffley, the main protagonist, having his summer plans ruined when his parents leave him home with his mean older brother for the summer. The humor in this book is relatable and funny. | ||
| 650 |
_aYOUNG ADULT FICTION COMEDY _zUNITED KINGDOM |
||
| 942 | _cBK | ||
| 999 |
_c6147 _d6147 |
||